| 000 | 00457nam a22001337a 4500 | ||
|---|---|---|---|
| 082 | _aBEE-1 MAN | ||
| 100 |
_aManiha Arshad _993373 |
||
| 245 | _aDesign of a direction selective hex-antenna for base station applications | ||
| 260 |
_aIslamabad _bNUST-SEECS _c2014 |
||
| 500 | _aSupervisor:Dr. Salman Abdul Ghafoor | ||
| 700 |
_aManiha Arshad, Aleena Hasan Qureshi _993374 |
||
| 856 | _uhttp://10.250.8.41:8080/xmlui/handle/123456789/29639 | ||
| 942 |
_cPR _2ddc |
||
| 999 |
_c12969 _d12969 |
||